Loading...
Introduction to modern economics
| Main Author: | |
|---|---|
| Other Authors: | |
| Format: | Printed Book |
| Language: | Undetermined English |
| Published: |
New Delhi
Tata Mcgraw hill publishing company Ltd
1980
|
| Subjects: |
| LEADER | 00805nam a2200217Ia 4500 | ||
|---|---|---|---|
| 008 | 140306s9999 xx 000 0 und d | ||
| 041 | |a eng | ||
| 082 | |a 330 |b ROB/IN | ||
| 100 | |a Eatwell, John | ||
| 700 | |a Robinson, Joan | ||
| 245 | |a Introduction to modern economics | ||
| 260 | |a New Delhi |b Tata Mcgraw hill publishing company Ltd |c 1980 | ||
| 300 | |a 349 | ||
| 365 | |b Rs .116 .00 | ||
| 650 | |a Capital | ||
| 650 | |a labour | ||
| 650 | |a physiocrats | ||
| 942 | |2 ddc |c BK | ||
| 999 | |c 121687 |d 121687 | ||
| 952 | |0 0 |1 0 |2 ddc |4 0 |6 330_000000000000000_ROBIN |7 0 |9 121075 |a KAUHCV |b KAUHCV |d 2004-05-12 |g 116.00 |o 330 ROB/IN |p KAU_HCV-17842 |r 2014-03-22 |w 2014-03-22 |y BK | ||
| 952 | |0 0 |1 0 |2 ddc |4 0 |6 330_000000000000000_ROBIN |7 0 |9 121076 |a KAUHCV |b KAUHCV |d 2004-05-12 |g 116.00 |o 330 ROB/IN |p KAU_HCV-G-1464 |r 2014-03-22 |w 2014-03-22 |y BK | ||